|
|
|
|
| LEADER |
01266nam a2200301 a 4500 |
| 001 |
2562968 |
| 008 |
090713s1996 nyu b 001 0 eng d |
| 010 |
|
|
|a 95051071
|
| 020 |
|
|
|a 0333608895 (hardcover)
|
| 020 |
|
|
|a 0333608909 (paperback)
|
| 040 |
|
|
|a DLC
|c DLC
|d DLC
|
| 082 |
0 |
0 |
|a 821/.709145
|2 20
|
| 245 |
0 |
0 |
|a Coleridge, Keats and Shelley /
|c edited by Peter J. Kitson.
|
| 260 |
|
|
|a New York :
|b St. Martin's Press,
|c 1996.
|
| 300 |
|
|
|a ix, 241 p. ;
|c 23 cm.
|
| 490 |
1 |
|
|a New casebooks
|
| 504 |
|
|
|a Includes bibliographical references and index.
|
| 541 |
1 |
|
|e 00009329
|
| 650 |
|
0 |
|a English poetry
|y 19th century
|x History and criticism.
|
| 650 |
|
0 |
|a Romanticism
|z Great Britain.
|
| 600 |
1 |
0 |
|a Coleridge, Samuel Taylor,
|d 1772-1834
|x Criticism and interpretation.
|
| 600 |
1 |
0 |
|a Shelley, Percy Bysshe,
|d 1792-1822
|x Criticism and interpretation.
|
| 600 |
1 |
0 |
|a Keats, John,
|d 1795-1821
|x Criticism and interpretation.
|
| 700 |
1 |
|
|a Kitson, Peter J.
|
| 852 |
4 |
|
|a Ayesha Abed Library
|j General Shelf.
|
| 942 |
0 |
0 |
|0 1
|
| 999 |
|
|
|c 2370
|d 2370
|
| 952 |
|
|
|0 0
|1 0
|2 ddc
|4 1
|6 821_000000000000000__709145_KIT_1996
|7 0
|9 2192
|a BRACUL
|b BRACUL
|c SPS
|d 2009-07-13
|g 0.00
|l 1
|o 821.709145 KIT
|p 3010009329
|r 2015-10-21
|s 2015-10-15
|t 1
|w 2009-07-13
|y BK
|x No price found in the accession register.
|